00875nam a22002777a 45000010005000000030006000050050017000110080041000280200015000690400029000840500015001130820008001281000024001362450056001602500047002162600039002633000050003024900022003525050008003745200100003825210020004825210020005026500026005226500026005486500023005749463FISKH20260113141724.0260113b cb ||||| |||| 00| 0 eng d a0890474456 aFISKHbengcFISKHdFISKH aQB631 .B88 a550 aButterfield , Moira a1000 facts about the earth / bBy Moira Butterfield aFirst Scholastic printing , September 1993 aNew York : bScholastic , c1992.  a48 pages : bcolor illustrations ; c28 cm .  a1000 facts about  aW  aExamines the volcanoes, rivers, deserts, rain forests, weather, and other facets of our planet.8 a850 bLexile 8 aW bRaz-Plus  aClimate vNon-fiction aDeserts vNon-fiction aEarthvNon-fiction